[Event "DFMM: Schleswig-Holstein-Hessen"]
[Site "Braunfels"]
[Date "2010.06.05"]
[Round "4.6"]
[White "Bücker, Simone"]
[Black "Zahn, Nicol"]
[Result "0-1"]
[WhiteElo "1674"]
[BlackElo "1960"]
[PlyCount "44"]
[EventDate "2010.06.03"]
[WhiteTeam "Schleswig-Holstein"]
[BlackTeam "Hessen"]

1. d4 f5 2. Nf3 Nf6 3. Bf4 d6 4. h3 g6 5. Nc3 Bg7 6. Qd2 c6 7. Bh6 O-O 8. O-O-O
Qa5 9. Bxg7 Kxg7 10. Qf4 Be6 11. Ng5 Bg8 12. g4 Nd5 13. Nxd5 Qxd5 14. Qf3 Qxa2
15. Qe3 Qa1+ 16. Kd2 Qa5+ 17. Kc1 e5 18. gxf5 Rxf5 19. Ne4 Qa1+ 20. Kd2 Qxb2
21. dxe5 Rxe5 22. f4 Qb4+ 0-1

[Event "DFMM: Schleswig-Holstein-Hessen"]
[Site "Braunfels"]
[Date "2010.06.05"]
[Round "4.7"]
[White "Fröhlich-Dill, Astrid"]
[Black "Krupp, Katja"]
[Result "1-0"]
[WhiteElo "1910"]
[BlackElo "1646"]
[PlyCount "93"]
[EventDate "2010.06.03"]
[WhiteTeam "Hessen"]
[BlackTeam "Schleswig-Holstein"]

1. d4 d5 2. Nf3 b6 3. c4 e6 4. Nc3 Nf6 5. Bg5 Be7 6. Bxf6 Bxf6 7. cxd5 exd5 8.
b4 O-O 9. b5 c6 10. bxc6 Nxc6 11. e3 Bg4 12. Be2 Rc8 13. Rc1 Nb8 14. O-O a6 15.
h3 Bh5 16. Qb3 Re8 17. Qxd5 Qxd5 18. Nxd5 b5 19. Nxf6+ gxf6 20. g4 Bg6 21. Nd2
Kh8 22. Bf3 b4 23. Rfe1 Red8 24. Ne4 f5 25. Rxc8 Rxc8 26. Nc5 a5 27. gxf5 Bxf5
28. Bg4 Rg8 29. Kf1 Bxg4 30. hxg4 Rxg4 31. Nb7 a4 32. Rb1 Nc6 33. d5 Ne5 34. f4
Nc4 35. Kf2 Nb6 36. d6 b3 37. axb3 axb3 38. Rxb3 Nd7 39. Nd8 Nc5 40. Nxf7+ Kg7
41. Rb5 Ne6 42. Ne5 Rh4 43. Rb7+ Kf8 44. f5 Rh5 45. fxe6 Rxe5 46. Rb8+ Kg7 47.
d7 1-0

[Event "DFMM: Schleswig-Holstein-Hessen"]
[Site "Braunfels"]
[Date "2010.06.05"]
[Round "4.8"]
[White "Biehl, Katrin"]
[Black "Storkebaum, Ulrike"]
[Result "0-1"]
[WhiteElo "1086"]
[BlackElo "1867"]
[PlyCount "84"]
[EventDate "2010.06.03"]
[WhiteTeam "Schleswig-Holstein"]
[BlackTeam "Hessen"]

1. d4 Nf6 2. Nf3 g6 3. e3 Bg7 4. Bd3 d6 5. Nbd2 O-O 6. c3 Nbd7 7. h3 e5 8. O-O
Re8 9. e4 Nh5 10. d5 Nc5 11. Bc2 a5 12. b4 axb4 13. cxb4 Na6 14. a3 Nxb4 15.
Ba4 Bd7 16. axb4 b5 17. Bb2 bxa4 18. Qc2 Nf4 19. Rfc1 Ne2+ 20. Kf1 Nxc1 21.
Rxc1 Bb5+ 22. Ke1 a3 23. Ba1 Re7 24. Nb3 Ba4 25. Qc4 Bh6 26. Rc3 Bxb3 27. Rxb3
Qb8 28. g3 Qc8 29. g4 Bf4 30. Ke2 Qa6 31. Qxa6 Rxa6 32. Ne1 Re8 33. Rc3 Ra7 34.
Nc2 Rea8 35. b5 Bc1 36. Rb3 Ra4 37. Rb1 Bb2 38. Bxb2 axb2 39. Rxb2 Rxe4+ 40.
Kd3 Rf4 41. Nb4 Ra3+ 42. Ke2 Rxh3 0-1

[Event "DFMM: Bayern-NRW II"]
[Site "Braunfels"]
[Date "2010.06.05"]
[Round "4.1"]
[White "Zhang, Fan"]
[Black "Jussupow, Nadia"]
[Result "1-0"]
[WhiteElo "2057"]
[BlackElo "2148"]
[PlyCount "97"]
[EventDate "2010.06.03"]
[WhiteTeam "NRW II"]
[BlackTeam "Bayern"]

1. d4 f5 2. Bg5 Nf6 3. Nc3 d5 4. e3 e6 5. Bd3 Be7 6. Nf3 O-O 7. Ne5 Nbd7 8. f4
Nxe5 9. fxe5 Ng4 10. Bxe7 Qxe7 11. Qf3 Qg5 12. Qf4 h6 13. Nd1 Qxf4 14. exf4 h5
15. Be2 g6 16. Bxg4 hxg4 17. Nf2 Kg7 18. h3 gxh3 19. Rxh3 Bd7 20. Kd2 Rh8 21.
Rah1 Bb5 22. Rc3 c6 23. Rch3 Rxh3 24. Rxh3 Bf1 25. Rh2 Rh8 26. Rxh8 Kxh8 27.
Nh3 Bxg2 28. Ng5 b6 29. Nxe6 Kg8 30. b4 Bf1 31. a4 Ba6 32. Nd8 Bc8 33. Nxc6 Bd7
34. b5 a6 35. Ne7+ Kf7 36. Nxd5 axb5 37. axb5 Bxb5 38. Nxb6 Ke7 39. c4 Ba6 40.
d5 Kd8 41. d6 Bb7 42. e6 Bc6 43. e7+ Ke8 44. c5 Kf7 45. Nc4 Ke6 46. Nb6 Bb5 47.
Ke3 Bc6 48. Kd4 Bb5 49. Nd5 1-0

[Event "DFMM: Bayern-NRW II"]
[Site "Braunfels"]
[Date "2010.06.05"]
[Round "4.2"]
[White "Ankerst, Milka"]
[Black "Roitburd, Marina"]
[Result "1/2-1/2"]
[WhiteElo "2134"]
[BlackElo "1969"]
[PlyCount "60"]
[EventDate "2010.06.03"]
[WhiteTeam "Bayern"]
[BlackTeam "NRW II"]

1. e4 c5 2. Nf3 e6 3. d4 cxd4 4. Nxd4 a6 5. Bd3 Bc5 6. Nb3 Ba7 7. Nc3 Nc6 8.
Qe2 Ne5 9. Be3 Bxe3 10. Qxe3 Nf6 11. h3 O-O 12. f4 Nxd3+ 13. cxd3 b5 14. e5 b4
15. Ne4 Nxe4 16. dxe4 Bb7 17. O-O Rc8 18. Rac1 Qh4 19. Nc5 Bc6 20. Rfd1 f5 21.
Nxd7 Bxd7 22. Rxd7 Rxc1+ 23. Qxc1 fxe4 24. Qc4 e3 25. Qxe6+ Kh8 26. Rf7 Rd8 27.
Qd6 h6 28. Rf8+ Rxf8 29. Qxf8+ Kh7 30. Qf5+ Kh8 1/2-1/2

[Event "DFMM: Bayern-NRW II"]
[Site "Braunfels"]
[Date "2010.06.05"]
[Round "4.4"]
[White "Dirmeier, Carolin"]
[Black "Sokalska, Viktorija"]
[Result "1-0"]
[WhiteElo "2019"]
[BlackElo "2026"]
[PlyCount "63"]
[EventDate "2010.06.03"]
[WhiteTeam "Bayern"]
[BlackTeam "NRW II"]

1. e4 c6 2. d4 d5 3. exd5 cxd5 4. c4 Nf6 5. Nc3 g6 6. Bg5 Ne4 7. Bf4 Nxc3 8.
bxc3 Qa5 9. Qb3 Nc6 10. Nf3 e6 11. Rd1 Bg7 12. Bd6 a6 13. Be2 Bf8 14. Bf4 Bg7
15. Bd6 Bf8 16. Bxf8 Kxf8 17. O-O Kg7 18. cxd5 exd5 19. c4 Be6 20. Ng5 dxc4 21.
Nxe6+ fxe6 22. Qxb7+ Kh6 23. Qxc6 Rac8 24. Qxe6 Rhe8 25. Qh3+ Kg7 26. Qd7+ Kf8
27. Qxh7 Qxa2 28. Bg4 Rb8 29. Bd7 Re7 30. Qh8+ Kf7 31. Qxb8 Rxd7 32. Qf4+ 1-0

[Event "DFMM: Bayern-NRW II"]
[Site "Braunfels"]
[Date "2010.06.05"]
[Round "4.5"]
[White "Karmann, Anna"]
[Black "Niedermaier, Barbara"]
[Result "1-0"]
[WhiteElo "1924"]
[BlackElo "2003"]
[PlyCount "149"]
[EventDate "2010.06.03"]
[WhiteTeam "NRW II"]
[BlackTeam "Bayern"]

1. c4 e5 2. g3 f5 3. Bg2 Nf6 4. Nc3 Bc5 5. e3 Nc6 6. Nge2 e4 7. d4 exd3 8. Nf4
Nb4 9. Nxd3 Nxd3+ 10. Qxd3 d6 11. O-O O-O 12. a3 c6 13. Na4 Be6 14. b4 Bb6 15.
Nxb6 axb6 16. Bb2 Qe7 17. Rfd1 Rad8 18. Qd4 d5 19. cxd5 Nxd5 20. e4 Nf6 21.
Qxb6 Nxe4 22. Qe3 Qf7 23. Rd4 Rxd4 24. Qxd4 Qf6 25. Qxe4 fxe4 26. Bxf6 Rxf6 27.
Bxe4 Bd5 28. f3 g6 29. Rd1 Bxe4 30. fxe4 Rf7 31. Kg2 Kg7 32. Rg1 Re7 33. Kf3 b5
34. Rc1 Re6 35. h4 h5 36. Kf4 Kf7 37. e5 Ke7 38. Rd1 c5 39. bxc5 Rc6 40. Rd5
Ra6 41. Kg5 Rxa3 42. Kxg6 Rxg3+ 43. Kf5 Rf3+ 44. Kg5 Ke6 45. Rd4 Kxe5 46. Rb4
Kd5 47. Rxb5 Kc6 48. Ra5 Re3 49. Kxh5 Re5+ 50. Kg6 Re6+ 51. Kf5 Re1 52. h5 Rf1+
53. Kg6 Rg1+ 54. Kh7 Kd5 55. Ra6 Kxc5 56. h6 Kd5 57. Rg6 Ra1 58. Kg7 Ra7+ 59.
Kf6 Rh7 60. Kg5 Re7 61. Rg7 Re5+ 62. Kg6 Re6+ 63. Kh5 Re1 64. h7 Rh1+ 65. Kg6
Ke6 66. Rg8 Rg1+ 67. Kh6 Rh1+ 68. Kg7 Rg1+ 69. Kf8 Rf1+ 70. Ke8 Ra1 71. Rg6+
Kf5 72. Rf6+ Kg5 73. Rf8 Ra8+ 74. Kf7 Ra7+ 75. Kg8 1-0

[Event "DFMM: Bayern-NRW II"]
[Site "Braunfels"]
[Date "2010.06.05"]
[Round "4.6"]
[White "Specht, Maria"]
[Black "Mass, Elvira"]
[Result "0-1"]
[WhiteElo "1936"]
[BlackElo "1981"]
[PlyCount "64"]
[EventDate "2010.06.03"]
[WhiteTeam "Bayern"]
[BlackTeam "NRW II"]

1. d4 d5 2. e3 Nf6 3. Bd3 e6 4. Nd2 c5 5. c3 Nc6 6. Ngf3 Bd6 7. O-O O-O 8. dxc5
Bxc5 9. Nb3 Bd6 10. Nfd2 Qc7 11. h3 e5 12. e4 a5 13. a4 Be6 14. exd5 Bxd5 15.
Bc4 Ne7 16. Bxd5 Nexd5 17. Nf3 h6 18. Re1 Rfe8 19. Nbd2 Rad8 20. Ne4 Nxe4 21.
Rxe4 Qc6 22. Qe2 Nf6 23. Rh4 Bf8 24. Bd2 e4 25. Nd4 Qd5 26. Rf4 Re5 27. Re1 Bd6
28. Nb5 Bf8 29. Be3 Rh5 30. c4 Qd3 31. Rxf6 Qxe2 32. Rxe2 Rd1+ 0-1

[Event "DFMM: Bayern-NRW II"]
[Site "Braunfels"]
[Date "2010.06.05"]
[Round "4.7"]
[White "Lennartz, Christina"]
[Black "Roos, Karin"]
[Result "0-1"]
[WhiteElo "1844"]
[BlackElo "1875"]
[PlyCount "76"]
[EventDate "2010.06.03"]
[WhiteTeam "NRW II"]
[BlackTeam "Bayern"]

1. d4 Nf6 2. g3 d5 3. Bg2 Bf5 4. c4 e6 5. Nc3 c6 6. cxd5 exd5 7. Nf3 h6 8. O-O
Bd6 9. Nd2 O-O 10. f3 Bc7 11. Nb3 Qd7 12. e4 Bh3 13. Nc5 Qc8 14. e5 Bxg2 15.
Kxg2 Nfd7 16. Nd3 Nb6 17. f4 f5 18. Re1 Re8 19. Qh5 Nc4 20. Ne2 b6 21. b3 Na5
22. Ba3 Qe6 23. Ng1 Nd7 24. Nf3 Nb7 25. Nh4 c5 26. Qxf5 cxd4 27. Qh5 Nbc5 28.
f5 Qc6 29. Nb4 Qb5 30. f6 Nxe5 31. Rxe5 Rxe5 32. f7+ Kh7 33. Qg6+ Kh8 34. Nf5
Qe2+ 35. Kh3 Ne6 36. Nxg7 Ng5+ 37. Kh4 Re4+ 38. g4 Qxg4# 0-1

[Event "DFMM: Bayern-NRW II"]
[Site "Braunfels"]
[Date "2010.06.05"]
[Round "4.8"]
[White "Lorenz, Oda"]
[Black "Roitburd, Swetlana"]
[Result "1/2-1/2"]
[WhiteElo "1877"]
[BlackElo "1634"]
[PlyCount "130"]
[EventDate "2010.06.03"]
[WhiteTeam "Bayern"]
[BlackTeam "NRW II"]

1. e4 c6 2. d4 d5 3. e5 e6 4. Nf3 Nd7 5. c4 Ne7 6. Bg5 Qb6 7. Qb3 Nf5 8. c5
Qa5+ 9. Bd2 Qc7 10. Be2 b6 11. cxb6 axb6 12. O-O c5 13. Nc3 Nxd4 14. Nxd4 cxd4
15. Nb5 Qxe5 16. Rfe1 Qb8 17. Nxd4 Bc5 18. Bc3 O-O 19. a3 Nf6 20. Nf3 Ne4 21.
Rf1 Qa7 22. Bd3 Ba6 23. Be5 Rac8 24. Rad1 Rfd8 25. Nd4 Bxd4 26. Bxd4 Nc5 27.
Bxc5 bxc5 28. Qc2 c4 29. Bxh7+ Kh8 30. Rfe1 Qc7 31. Re3 d4 32. Rh3 Qe5 33. Qd2
Qf6 34. Qa5 Rd6 35. Qh5 Qh6 36. Qxf7 Qxh3 37. gxh3 Kxh7 38. f3 Rcd8 39. Kf2
R8d7 40. Qe8 Rd8 41. Qh5+ Kg8 42. Qe5 R8d7 43. Rg1 Rb6 44. Ke1 c3 45. bxc3 d3
46. Kf2 d2 47. Rd1 Rd5 48. Qf4 Rbd6 49. h4 Rd3 50. Qb4 R3d5 51. Qg4 Rd3 52. h5
Bb7 53. Qf4 Rxf3+ 54. Qxf3 Bxf3 55. Kxf3 Rd3+ 56. Ke2 Rxc3 57. Rxd2 Rxa3 58.
Rd7 Rh3 59. Re7 Rxh2+ 60. Kf3 Rxh5 61. Rxe6 Rh4 62. Kg3 Ra4 63. Re7 g6 64. Rb7
g5 65. Rb5 Ra3+ 1/2-1/2

[Event "DFMM: Saarland-Berlin"]
[Site "Braunfels"]
[Date "2010.06.05"]
[Round "4.1"]
[White "Wagner-Michel, Annett"]
[Black "Müller, Elke"]
[Result "1-0"]
[WhiteElo "2122"]
[BlackElo "1992"]
[PlyCount "103"]
[EventDate "2010.06.03"]
[WhiteTeam "Berlin"]
[BlackTeam "Saarland"]

1. e4 d6 2. d4 g6 3. Nf3 Bg7 4. Bc4 Nf6 5. Nbd2 c6 6. O-O O-O 7. Bb3 a5 8. c4
Qc7 9. Re1 Na6 10. Qe2 e5 11. h3 Nh5 12. dxe5 Nf4 13. Qe3 dxe5 14. Qc3 Nc5 15.
Bc2 h6 16. Nf1 Nce6 17. Be3 Rd8 18. Rad1 Rxd1 19. Bxd1 Bd7 20. c5 Rd8 21. N1d2
Bc8 22. Bc2 Nd4 23. Bxf4 Nxf3+ 24. Nxf3 exf4 25. e5 Qe7 26. Qxa5 Be6 27. Qc3
Rd5 28. b4 Qd8 29. a4 Bf8 30. Kh2 Rd7 31. Re4 g5 32. Rd4 Bd5 33. Qd3 Bg7 34.
Bb3 h5 35. Qf5 g4 36. hxg4 hxg4 37. Qxg4 Be6 38. Rxd7 Bxd7 39. Qxf4 Qe7 40. g3
Be6 41. Bxe6 Qxe6 42. Qd4 Qa2 43. b5 Qe2 44. Qe3 Qa2 45. bxc6 bxc6 46. Qd4 Qe2
47. Kg2 Bh6 48. Qg4+ Bg7 49. Qc8+ Kh7 50. Qxc6 Bxe5 51. Nxe5 Qxe5 52. a5 1-0

[Event "DFMM: Saarland-Berlin"]
[Site "Braunfels"]
[Date "2010.06.05"]
[Round "4.2"]
[White "Noll, Sonja"]
[Black "Von Herman, Brigitte"]
[Result "0-1"]
[WhiteElo "1886"]
[BlackElo "2108"]
[PlyCount "122"]
[EventDate "2010.06.03"]
[WhiteTeam "Saarland"]
[BlackTeam "Berlin"]

1. Nc3 c5 2. Nf3 Nf6 3. d4 e6 4. Bf4 a6 5. e4 cxd4 6. Qxd4 Nc6 7. Qa4 d6 8.
O-O-O Qb6 9. Nb5 Nxe4 10. Be3 Nc5 11. Qa3 d5 12. Nc3 Qb4 13. Qxb4 Nxb4 14. a3
Nc6 15. Nd4 Be7 16. f4 O-O 17. Rg1 Nxd4 18. Bxd4 b5 19. b4 Nd7 20. Kb2 Bd6 21.
g3 Bb7 22. Bd3 f6 23. Rge1 e5 24. fxe5 fxe5 25. Bg1 Nf6 26. Bf5 Rfe8 27. Ne4
Bf8 28. Nc5 Bxc5 29. Bxc5 g6 30. Bh3 Ne4 31. Bb6 Nd6 32. Bc5 Nc4+ 33. Kb3 d4
34. Bd7 Bd5 35. Bxe8 Ne3+ 36. Kb2 Nxd1+ 37. Rxd1 Rxe8 38. c3 Bf3 39. Rf1 Be2
40. Re1 d3 41. Kc1 Re6 42. Kd2 Kf7 43. Rg1 Rf6 44. Rg2 Bf3 45. Rf2 e4 46. Ke3
Ke6 47. Ra2 Kd5 48. Bd4 Rf5 49. a4 Kc4 50. axb5 axb5 51. Ra6 Bg2 52. Rf6 Rd5
53. Rf2 Bf3 54. Rb2 Rd8 55. Ra2 Rf8 56. Rf2 Ra8 57. Rb2 Ra1 58. Kd2 Rh1 59. Ke3
Re1+ 60. Kd2 Re2+ 61. Kc1 Rxb2 0-1

[Event "DFMM: Saarland-Berlin"]
[Site "Braunfels"]
[Date "2010.06.05"]
[Round "4.3"]
[White "Silz, Elisa"]
[Black "Thewes, Marion"]
[Result "1-0"]
[WhiteElo "1914"]
[BlackElo "1544"]
[PlyCount "101"]
[EventDate "2010.06.03"]
[WhiteTeam "Berlin"]
[BlackTeam "Saarland"]

1. d4 d5 2. c4 Nf6 3. cxd5 Nxd5 4. e4 Nb6 5. Nc3 e6 6. Bf4 Bd6 7. e5 Be7 8. Rc1
O-O 9. Nf3 c5 10. Bd3 cxd4 11. Nxd4 a6 12. O-O N8d7 13. Bb1 g6 14. Ne4 Nd5 15.
Bh6 Re8 16. Nf3 Bf8 17. Bxf8 Rxf8 18. Qd2 Kg7 19. a3 f6 20. exf6+ N7xf6 21. Qd4
Nf4 22. Qxd8 Rxd8 23. Rc7+ Rd7 24. Nxf6 Kxf6 25. Rc4 Nd3 26. Bxd3 Rxd3 27. Rfc1
Bd7 28. h3 Bc6 29. Rf4+ Ke7 30. Ne5 Rd2 31. Nxc6+ bxc6 32. Rxc6 Rxb2 33. Re4
Rf8 34. Rexe6+ Kd7 35. f3 a5 36. Ra6 Rb3 37. Reb6 Rxb6 38. Rxb6 Kc7 39. Ra6 Rf5
40. Ra7+ Kc6 41. Rxh7 Kb5 42. Re7 Ka4 43. Re3 Rb5 44. g4 Rb3 45. Rxb3 Kxb3 46.
h4 Kxa3 47. h5 gxh5 48. gxh5 Kb3 49. h6 a4 50. h7 a3 51. h8=Q 1-0

[Event "DFMM: Saarland-Berlin"]
[Site "Braunfels"]
[Date "2010.06.05"]
[Round "4.4"]
[White "Weinmann, Helene"]
[Black "Fischer, Anke"]
[Result "0-1"]
[WhiteElo "1435"]
[BlackElo "1845"]
[PlyCount "98"]
[EventDate "2010.06.03"]
[WhiteTeam "Saarland"]
[BlackTeam "Berlin"]

1. Nf3 Nf6 2. g3 d5 3. Bg2 e6 4. d4 Be7 5. O-O O-O 6. Bf4 Nbd7 7. Nc3 a6 8. Re1
b6 9. e4 dxe4 10. Nxe4 Bb7 11. Nxf6+ Nxf6 12. c3 c5 13. dxc5 Bxc5 14. Qxd8
Rfxd8 15. Bg5 Be7 16. Nd4 Bxg2 17. Kxg2 Rac8 18. Nb3 h6 19. Be3 Nd5 20. Bd4 Bf6
21. Bxf6 Nxf6 22. Rad1 Nd5 23. Rd2 b5 24. Red1 Kf8 25. Kf1 Ke7 26. Ke1 b4 27.
cxb4 Nxb4 28. Rxd8 Rxd8 29. Rxd8 Kxd8 30. Nc1 Kc7 31. Kd2 Nd5 32. Kd3 Kc6 33.
Kc4 Nf6 34. f3 Nd5 35. Kd4 f6 36. Nd3 e5+ 37. Ke4 g6 38. h3 a5 39. f4 exf4 40.
Nxf4 Nxf4 41. gxf4 Kc5 42. h4 Kc4 43. Ke3 g5 44. hxg5 hxg5 45. f5 a4 46. Ke4
Kc5 47. Kf3 Kd4 48. b3 axb3 49. axb3 Kc3 0-1

[Event "DFMM: Saarland-Berlin"]
[Site "Braunfels"]
[Date "2010.06.05"]
[Round "4.6"]
[White "Alt, Barbara"]
[Black "Velina, Valeria"]
[Result "0-1"]
[WhiteElo "1182"]
[BlackElo "1776"]
[PlyCount "52"]
[EventDate "2010.06.03"]
[WhiteTeam "Saarland"]
[BlackTeam "Berlin"]

1. e4 d5 2. exd5 Qxd5 3. Nc3 Qd6 4. Nf3 Nf6 5. d4 c6 6. g3 Bf5 7. Bf4 Qb4 8.
Bd2 Nbd7 9. Bg2 Qb6 10. O-O e6 11. Re1 Be7 12. Bf4 O-O 13. Ne5 Rfe8 14. Nxd7
Nxd7 15. Be4 Bxe4 16. Nxe4 Nf6 17. b3 Rad8 18. Be5 Nxe4 19. Rxe4 f6 20. Qg4
fxe5 21. Qxe6+ Kf8 22. Qf5+ Kg8 23. Qe6+ Kh8 24. Rxe5 Qxd4 25. Re4 Qxa1+ 26.
Kg2 Qf6 0-1

[Event "DFMM: Saarland-Berlin"]
[Site "Braunfels"]
[Date "2010.06.05"]
[Round "4.7"]
[White "Schön, Heike"]
[Black "Metzler, Janett"]
[Result "1-0"]
[WhiteElo "1696"]
[BlackElo "1118"]
[PlyCount "63"]
[EventDate "2010.06.03"]
[WhiteTeam "Berlin"]
[BlackTeam "Saarland"]

1. d4 f5 2. c4 Nf6 3. Nc3 e6 4. Bg5 Be7 5. Bxf6 Bxf6 6. e4 O-O 7. e5 Be7 8. Nf3
d6 9. Rc1 a6 10. Be2 c6 11. O-O b5 12. Re1 Nd7 13. Bd3 Bb7 14. exd6 Bxd6 15.
Rxe6 Bf4 16. Rc2 Bc8 17. Re1 Rf6 18. Rce2 Kf8 19. Re8+ Qxe8 20. Rxe8+ Kxe8 21.
Qe2+ Kf7 22. g3 Re6 23. Qc2 b4 24. Ne2 Bc7 25. Ng5+ Kf6 26. Nxe6 Kxe6 27. Bxf5+
Kf6 28. Bxh7 Nb6 29. Qg6+ Ke7 30. Qxg7+ Kd8 31. Qf8+ Kd7 32. Bf5# 1-0

[Event "DFMM: Saarland-Berlin"]
[Site "Braunfels"]
[Date "2010.06.05"]
[Round "4.8"]
[White "Tinnes, Marie-Christine"]
[Black "Strate, Gerda"]
[Result "0-1"]
[WhiteElo "1108"]
[BlackElo "1696"]
[PlyCount "78"]
[EventDate "2010.06.03"]
[WhiteTeam "Saarland"]
[BlackTeam "Berlin"]

1. d4 d5 2. Nf3 e6 3. g3 c5 4. c3 Nc6 5. Bg2 Nf6 6. Bg5 h6 7. Bxf6 Qxf6 8. Nbd2
cxd4 9. cxd4 Nxd4 10. Qa4+ Nc6 11. Qc2 Bb4 12. O-O O-O 13. Nb3 e5 14. a3 Be7
15. e3 Bf5 16. Qd2 Be4 17. Qd1 Rfd8 18. Re1 Qg6 19. Qe2 Bd3 20. Qd2 e4 21. Nfd4
Ne5 22. Rac1 Nc4 23. Qc3 Rac8 24. Na5 Qb6 25. Nxc4 Rxc4 26. Qb3 Qxb3 27. Nxb3
Rdc8 28. Bh3 R8c7 29. Bg2 Bf6 30. Rxc4 Rxc4 31. Na5 Rc2 32. Nxb7 Bxb2 33. a4
Rc7 34. Nd6 a6 35. Ne8 Rc4 36. a5 Rc6 37. Bf1 Kf8 38. Bxd3 exd3 39. Rb1 d2 0-1

[Event "DFMM: Sachsen-NRW I"]
[Site "Braunfels"]
[Date "2010.06.06"]
[Round "5.1"]
[White "Dergatschova, Anna"]
[Black "Rößler, Ulrike"]
[Result "1/2-1/2"]
[WhiteElo "2232"]
[BlackElo "2176"]
[PlyCount "110"]
[EventDate "2010.06.03"]
[WhiteTeam "NRW I"]
[BlackTeam "Sachsen"]

1. e4 d6 2. b3 Nf6 3. d3 g6 4. Bb2 Bg7 5. Nd2 e5 6. Be2 Nc6 7. Ngf3 O-O 8. h4
Nh5 9. g3 Bg4 10. Nc4 f5 11. Ng5 Bxe2 12. Qxe2 Qe8 13. O-O-O Nd4 14. Bxd4 exd4
15. Rde1 fxe4 16. dxe4 b5 17. Nd2 c5 18. Rhf1 Rc8 19. Qg4 c4 20. bxc4 bxc4 21.
Qe6+ Qxe6 22. Nxe6 Bh6 23. Kd1 c3 24. Nb3 Rfe8 25. Nexd4 Rc4 26. Nb5 Re5 27.
Nxa7 d5 28. Nb5 dxe4 29. Na3 Rc8 30. Ke2 e3 31. Kf3 e2 32. Rh1 Bd2 33. Nd4 Rf8+
34. Kg2 Bxe1 35. Rxe1 Nf6 36. Rxe2 Rxe2 37. Nxe2 Ne4 38. Nb5 Rc8 39. a3 Kg7 40.
Ned4 Kf6 41. Kf3 Ke5 42. Ke2 Nf6 43. Kd3 Ne4 44. f4+ Kd5 45. Ne2 Nf2+ 46. Ke3
Nd1+ 47. Kf3 Rc5 48. Nbd4 Ra5 49. g4 Rxa3 50. Nb5 Ra1 51. Nbxc3+ Nxc3 52. Nxc3+
Ke6 53. Ne2 Rf1+ 54. Kg2 Ra1 55. Kf3 Rf1+ 1/2-1/2

[Event "DFMM: Sachsen-NRW I"]
[Site "Braunfels"]
[Date "2010.06.06"]
[Round "5.2"]
[White "Schulz, Petra"]
[Black "Rudolph, Anna"]
[Result "1/2-1/2"]
[WhiteElo "2085"]
[BlackElo "2271"]
[PlyCount "103"]
[EventDate "2010.06.03"]
[WhiteTeam "Sachsen"]
[BlackTeam "NRW I"]

1. e4 Nf6 2. e5 Nd5 3. c4 Nb6 4. d4 d6 5. exd6 exd6 6. h3 Nc6 7. Nf3 Bf5 8. Be2
Be7 9. d5 Ne5 10. Nd4 Bxb1 11. Rxb1 O-O 12. b3 Re8 13. O-O Bf6 14. Be3 Qd7 15.
Qd2 a6 16. Rbe1 Nc8 17. f4 Ng6 18. Bg4 Qd8 19. g3 Nb6 20. Nf3 Nd7 21. Bd4 Bxd4+
22. Qxd4 Nf6 23. Rxe8+ Qxe8 24. Re1 Qf8 25. Bf5 Re8 26. Re3 Rxe3 27. Qxe3 Qe7
28. Kf2 Qxe3+ 29. Kxe3 Ne7 30. Bc2 Kf8 31. Nd4 Ke8 32. g4 g6 33. Bd1 Nd7 34. g5
b5 35. Bf3 bxc4 36. bxc4 Nc5 37. Bg4 Kd8 38. f5 Nd7 39. f6 Nc8 40. Nc6+ Ke8 41.
Bxd7+ Kxd7 42. Nb8+ Kd8 43. Nxa6 Nb6 44. Kd4 Nd7 45. c5 Ne5 46. Ke4 Nc4 47. c6
Kc8 48. Kd4 Nd2 49. Ke3 Nc4+ 50. Ke4 Nd2+ 51. Ke3 Nc4+ 52. Ke4 1/2-1/2

[Event "DFMM: Sachsen-NRW I"]
[Site "Braunfels"]
[Date "2010.06.06"]
[Round "5.3"]
[White "Vovk, Oksana"]
[Black "Gasch, Franziska"]
[Result "1-0"]
[WhiteElo "2123"]
[BlackElo "1979"]
[PlyCount "105"]
[EventDate "2010.06.03"]
[WhiteTeam "NRW I"]
[BlackTeam "Sachsen"]

1. d4 Nf6 2. c4 g6 3. g3 Bg7 4. Bg2 O-O 5. Nc3 d6 6. e4 Nbd7 7. Nge2 e5 8. O-O
c6 9. h3 h6 10. Be3 Kh7 11. b3 Ng8 12. Qc2 Qe7 13. Rad1 Rd8 14. f4 f6 15. dxe5
fxe5 16. f5 g5 17. g4 Ngf6 18. Rd2 b6 19. Rfd1 Ne8 20. Ng3 Bb7 21. Bf3 Ndf6 22.
Rh2 Kg8 23. Qc1 Rd7 24. Bxg5 hxg5 25. Qxg5 Nh7 26. Qxe7 Rxe7 27. h4 Bh6 28. g5
Bf8 29. Bh5 Rd7 30. f6 Nc7 31. Bg4 Rdd8 32. Nh5 Bc8 33. Bxc8 Raxc8 34. g6 Nxf6
35. Nxf6+ Kg7 36. Nh7 Kxg6 37. Nxf8+ Rxf8 38. Rxd6+ Kh5 39. Rg2 Rg8 40. Rxc6
Rxg2+ 41. Kxg2 Kxh4 42. Nd5 Rg8+ 43. Kf2 Na6 44. Rh6+ Kg5 45. Re6 Nc5 46. Rxe5+
Kh4 47. Re7 Nd3+ 48. Ke3 Rg3+ 49. Kd4 Nc1 50. Rh7+ Kg4 51. Rg7+ Kf3 52. Rxg3+
Kxg3 53. e5 1-0

[Event "DFMM: Sachsen-NRW I"]
[Site "Braunfels"]
[Date "2010.06.06"]
[Round "5.4"]
[White "Dämering, Katrin"]
[Black "Freitag, Julia"]
[Result "0-1"]
[WhiteElo "2050"]
[BlackElo "2202"]
[PlyCount "118"]
[EventDate "2010.06.03"]
[WhiteTeam "Sachsen"]
[BlackTeam "NRW I"]

1. Nf3 d5 2. g3 e6 3. Bg2 f5 4. d3 Nf6 5. O-O Bc5 6. c4 c6 7. a3 a5 8. Nc3 O-O
9. Rb1 Qe7 10. Qc2 d4 11. Na4 e5 12. Nxc5 Qxc5 13. e3 dxe3 14. Bxe3 Qe7 15. b4
axb4 16. axb4 Nbd7 17. Rfe1 Re8 18. c5 Nd5 19. Qc4 N7f6 20. Bg5 Qc7 21. Re2 h6
22. Bd2 Kh8 23. Rbe1 e4 24. Nd4 b6 25. cxb6 Qxb6 26. Qxc6 Qxc6 27. Nxc6 Ba6 28.
Be3 Bxd3 29. Rb2 Nxe3 30. fxe3 Nd5 31. Kf2 Rec8 32. b5 Nc3 33. Nd4 Na4 34. Rb3
Nc5 35. Rb2 Rd8 36. b6 Na4 37. b7 Nxb2 38. bxa8=Q Rxa8 39. Rc1 Nc4 40. Nb3 Ra2+
41. Kg1 Nxe3 42. Bh3 Rb2 43. Nd4 g6 44. Rc8+ Kg7 45. Ne6+ Kf7 46. Nd4 Nd5 47.
Rc1 Rb1 48. Rxb1 Bxb1 49. Bf1 Kf6 50. Kf2 Ke5 51. Nb3 Bc2 52. Nc5 Kd4 53. Ne6+
Kc3 54. Ke1 g5 55. h4 gxh4 56. gxh4 f4 57. Bb5 f3 58. Kf2 Kd2 59. Nd4 Bd1 0-1

[Event "DFMM: Sachsen-NRW I"]
[Site "Braunfels"]
[Date "2010.06.06"]
[Round "5.5"]
[White "Nattermüller, Irina"]
[Black "Kalies, Grit"]
[Result "0-1"]
[WhiteElo "2100"]
[BlackElo "2016"]
[PlyCount "74"]
[EventDate "2010.06.03"]
[WhiteTeam "NRW I"]
[BlackTeam "Sachsen"]

1. e4 d6 2. d4 Nf6 3. Nc3 g6 4. Nf3 Bg7 5. Bc4 Nbd7 6. Qe2 e5 7. Bb3 O-O 8. O-O
exd4 9. Nxd4 Nc5 10. Nf3 Re8 11. Ng5 Nxb3 12. axb3 h6 13. Nf3 Nxe4 14. Nxe4 d5
15. Rd1 Bf5 16. Be3 Bxe4 17. c3 a6 18. Ne1 Bf5 19. Qd2 Kh7 20. Nc2 c6 21. b4
Bxc2 22. Qxc2 Qh4 23. Qe2 Rad8 24. Qf3 f5 25. Bb6 Rd7 26. Bc5 Bf8 27. Be3 Rf7
28. Rd4 Re4 29. Rdd1 Bd6 30. g3 Qe7 31. Qg2 f4 32. Bd2 Re2 33. Qh3 Qe4 34. Rac1
fxg3 35. Qxh6+ Kg8 36. Be3 gxh2+ 37. Kf1 Rxe3 0-1

[Event "DFMM: Sachsen-NRW I"]
[Site "Braunfels"]
[Date "2010.06.06"]
[Round "5.6"]
[White "Just, Gabriele"]
[Black "Lopatin, Olga"]
[Result "1-0"]
[WhiteElo "1936"]
[BlackElo "2136"]
[PlyCount "109"]
[EventDate "2010.06.03"]
[WhiteTeam "Sachsen"]
[BlackTeam "NRW I"]

1. d4 c5 2. Nf3 Nf6 3. c3 Qc7 4. Bg5 b6 5. e3 d6 6. Bd3 Nbd7 7. O-O h6 8. Bxf6
gxf6 9. Nbd2 Rg8 10. Qe2 Bb7 11. a4 e6 12. e4 Be7 13. Rfd1 Kf8 14. a5 Kg7 15.
axb6 axb6 16. Rxa8 Rxa8 17. Nh4 Qd8 18. Qg4+ Kh8 19. Qh5 Kg7 20. Qg4+ Kh8 21.
Ndf3 Qg8 22. Qh3 Nf8 23. d5 Bc8 24. g3 Qg7 25. Qf1 Ra2 26. Rb1 Ra7 27. Ra1 Rxa1
28. Qxa1 f5 29. exf5 exd5 30. Ng2 Qg4 31. Nfh4 c4 32. Bc2 d4 33. f3 Qg7 34. Be4
dxc3 35. bxc3 Qe5 36. Qa8 Qc5+ 37. Kf1 d5 38. Bxd5 Bf6 39. Bxf7 Bxc3 40. Be6
Bxe6 41. fxe6 Bf6 42. Ng6+ Kg7 43. Nxf8 Qxf8 44. Qe4 Qa3 45. Nf4 Qa1+ 46. Kg2
Qb2+ 47. Kh3 Bg5 48. Qg6+ Kh8 49. Qe8+ Kh7 50. Nh5 Qe5 51. Qf7+ Kh8 52. f4 Qd4
53. fxg5 hxg5 54. Nf6 g4+ 55. Kh4 1-0